[Event "Moscow op-E"]
[Site "Moscow"]
[Date "2011.02.06"]
[Round "9.242"]
[White "Dugin, Andrey"]
[Black "Udodov, Yuri"]
[Result "1-0"]
[WhiteElo "1728"]
[BlackElo "1925"]
[PlyCount "97"]
[EventDate "2011.01.29"]
[EventType "swiss"]
[EventRounds "9"]
[EventCountry "RUS"]
[SourceTitle "EXT 2022"]
[Source "ChessBase"]
[SourceDate "2021.10.06"]
[SourceVersion "1"]
[SourceVersionDate "2021.10.06"]
[SourceQuality "1"]

1. d4 Nf6 2. Nf3 b6 3. Nc3 Bb7 4. g3 e6 5. a3 c5 6. Bg2 cxd4 7. Qxd4 Bc5 8. Qd1 a6 9. Bf4 d5 10. 0-0 Nbd7 11. Ne5 0-0 12. Na4 Nxe5 13. Nxc5 bxc5 14. Bxe5 Nd7 15. Bd6 Re8 16. c4 Qb6 17. Bf4 Rad8 18. cxd5 Bxd5 19. Bxd5 exd5 20. Bg5 Nf6 21. Qc2 Rc8 22. Bxf6 Qxf6 23. Rfd1 Qe6 24. Rac1 c4 25. e3 Rb8 26. Rd4 g6 27. Qd2 Red8 28. Rcxc4 dxc4 29. Rxd8+ Rxd8 30. Qxd8+ Kg7 31. Qd4+ Kg8 32. h4 h5 33. Kf1 Qc6 34. Ke2 Qb5 35. Kd2 Qa5+ 36. Qc3 Qd5+ 37. Kc2 Qf5+ 38. Kd1 Qd5+ 39. Ke2 Kf8 40. f3 Ke7 41. e4 Qb5 42. Qb4+ Ke6 43. Qxb5 axb5 44. Kd2 Ke5 45. Ke3 f6 46. f4+ Ke6 47. Kd4 Kd6 48. e5+ fxe5+ 49. fxe5+ 1-0

[Event "Moscow op-E"]
[Site "Moscow"]
[Date "2011.02.02"]
[Round "5.192"]
[White "Udodov, Yuri"]
[Black "Geivondian, Arman"]
[Result "0-1"]
[WhiteElo "1925"]
[BlackElo "2104"]
[PlyCount "110"]
[EventDate "2011.01.29"]
[EventType "swiss"]
[EventRounds "9"]
[EventCountry "RUS"]
[SourceTitle "EXT 2022"]
[Source "ChessBase"]
[SourceDate "2021.10.06"]
[SourceVersion "1"]
[SourceVersionDate "2021.10.06"]
[SourceQuality "1"]

1. d4 d5 2. c4 e6 3. Nf3 Nf6 4. Bg5 Be7 5. e3 0-0 6. Nc3 h6 7. Bh4 b6 8. cxd5 Nxd5 9. Bxe7 Qxe7 10. Qd2 Bb7 11. Rc1 Rd8 12. Nxd5 Bxd5 13. Qc3 c5 14. dxc5 Rc8 15. a3 Rxc5 16. Qd2 Nd7 17. Be2 Rac8 18. 0-0 Nf6 19. b4 Ne4 20. Qb2 Rc3 21. Rxc3 Rxc3 22. Rd1 Rb3 23. Qc1 Nc3 24. Bd3 Rb1 25. Bxb1 Ne2+ 26. Kf1 Nxc1 27. Rxc1 g6 28. e4 Bb7 29. Bd3 Qd6 30. Ke2 g5 31. h3 Kg7 32. Rc3 Qf4 33. g3 Qd6 34. Ke3 f6 35. b5 h5 36. h4 e5 37. Rc4 Kh6 38. hxg5+ fxg5 39. a4 Kg6 40. Be2 Qa3+ 41. Bd3 Qe7 42. Be2 h4 43. gxh4 gxh4 44. Nxh4+ Qxh4 45. f3 Qg5+ 46. Kd3 Qd8+ 47. Ke3 Kg5 48. Bd3 Kh4 49. Be2 Kg3 50. Bd3 Qg5+ 51. Ke2 Qf4 52. a5 Qxf3+ 53. Kd2 bxa5 54. Ra4 Qf2+ 55. Kc3 Kf4 0-1

[Event "Moscow op-E"]
[Site "Moscow"]
[Date "2011.01.31"]
[Round "3.252"]
[White "Udodov, Yuri"]
[Black "Khorsun, Vsevolod"]
[Result "1/2-1/2"]
[WhiteElo "1925"]
[BlackElo "1729"]
[PlyCount "88"]
[EventDate "2011.01.29"]
[EventType "swiss"]
[EventRounds "9"]
[EventCountry "RUS"]
[SourceTitle "EXT 2022"]
[Source "ChessBase"]
[SourceDate "2021.10.06"]
[SourceVersion "1"]
[SourceVersionDate "2021.10.06"]
[SourceQuality "1"]

1. d4 Nf6 2. c4 g6 3. g3 Bg7 4. Bg2 0-0 5. Nf3 d6 6. 0-0 Nbd7 7. Nc3 c5 8. b3 Rb8 9. Bb2 a6 10. a4 cxd4 11. Nxd4 Nc5 12. e3 Qc7 13. Re1 Rd8 14. Qc2 e6 15. Nb1 e5 16. Ne2 Bf5 17. Qc3 Nd3 18. Rd1 Nxb2 19. Qxb2 b5 20. axb5 axb5 21. cxb5 Rxb5 22. Nbc3 Rb4 23. Ra4 Qb6 24. Rxb4 Qxb4 25. Nd5 Nxd5 26. Bxd5 Rb8 27. Qd2 Qb6 28. Bc4 Bf8 29. Nc3 Ra8 30. Nd5 Qc5 31. Kg2 Ra3 32. Qe2 Qa7 33. Rd2 Kg7 34. Qf3 Be7 35. Nxe7 Qxe7 36. Qc6 Qf6 37. f3 e4 38. fxe4 Bg4 39. e5 Qxe5 40. Qd5 Qxd5+ 41. Bxd5 Kf6 42. Rf2+ Ke5 43. Bxf7 d5 44. Rd2 Be6 1/2-1/2

[Event "Moscow op-E"]
[Site "Moscow"]
[Date "2011.01.30"]
[Round "2.29"]
[White "Tkachenko, Evgeny"]
[Black "Udodov, Yuri"]
[Result "1-0"]
[WhiteElo "1823"]
[BlackElo "1925"]
[PlyCount "43"]
[EventDate "2011.01.29"]
[EventType "swiss"]
[EventRounds "9"]
[EventCountry "RUS"]
[SourceTitle "EXT 2022"]
[Source "ChessBase"]
[SourceDate "2021.10.06"]
[SourceVersion "1"]
[SourceVersionDate "2021.10.06"]
[SourceQuality "1"]

1. e4 c5 2. Nf3 d6 3. c3 Nf6 4. Be2 Nc6 5. Qc2 Bg4 6. 0-0 e6 7. d4 cxd4 8. cxd4 Bxf3 9. Bxf3 Nxd4 10. Qa4+ Nc6 11. e5 dxe5 12. Bxc6+ bxc6 13. Qxc6+ Nd7 14. Rd1 Rc8 15. Qa4 Bc5 16. Nc3 f5 17. Bg5 Qc7 18. Rac1 h6 19. Nb5 Qb6 20. Nd6+ Bxd6 21. Rxc8+ Kf7 22. Qxd7+ 1-0

[Event "Moscow op-B"]
[Site "Moscow"]
[Date "2009.02.05"]
[Round "6"]
[White "Udodov, Yuri"]
[Black "Tilessov, Danat"]
[Result "1-0"]
[WhiteElo "1986"]
[BlackElo "1400"]
[PlyCount "103"]
[EventDate "2009.01.31"]
[EventType "swiss"]
[EventRounds "9"]
[EventCountry "RUS"]
[SourceTitle "EXT 2012"]
[Source "ChessBase"]
[SourceDate "2011.11.24"]
[SourceVersion "1"]
[SourceVersionDate "2011.11.24"]
[SourceQuality "1"]

1. d4 Nf6 2. c4 c5 3. Nf3 cxd4 4. Nxd4 e6 5. g3 Nc6 6. Bg2 Be7 7. 0-0 0-0 8. Nc3 a6 9. e4 Qc7 10. Nc2 Na5 11. Ne3 Nxc4 12. Nxc4 Qxc4 13. Be3 Qc7 14. Rc1 Qd8 15. e5 Ne8 16. Ne4 f6 17. exf6 Bxf6 18. Nxf6+ Nxf6 19. Bc5 Rf7 20. Qd4 d5 21. Bb6 Qe8 22. Rfe1 Bd7 23. Bh3 Ne4 24. Qe5 Rc8 25. Bd4 Rxc1 26. Rxc1 Nd2 27. Bg4 Nc4 28. Qe2 e5 29. Bxd7 Rxd7 30. b3 Re7 31. Bc5 Rc7 32. Bb6 Rc6 33. bxc4 Rxb6 34. cxd5 Rd6 35. Rc7 b5 36. Qg4 Rg6 37. Qf5 Rf6 38. Qc2 Rf8 39. d6 Qe6 40. Qd2 Rd8 41. Qg5 Qf6 42. Rxg7+ Qxg7 43. Qxd8+ Qf8 44. Qg5+ Kf7 45. Qxe5 Qd8 46. Qf5+ Qf6 47. Qxh7+ Ke6 48. Qe7+ Qxe7 49. dxe7 Kxe7 50. Kf1 a5 51. Ke2 Ke6 52. Kd3 1-0

[Event "Moscow op-B"]
[Site "Moscow"]
[Date "2009.02.03"]
[Round "4"]
[White "Udodov, Yuri"]
[Black "Dudysheva, Yuliya"]
[Result "0-1"]
[WhiteElo "1986"]
[BlackElo "1400"]
[PlyCount "49"]
[EventDate "2009.01.31"]
[EventType "swiss"]
[EventRounds "9"]
[EventCountry "RUS"]
[SourceTitle "EXT 2012"]
[Source "ChessBase"]
[SourceDate "2011.11.24"]
[SourceVersion "1"]
[SourceVersionDate "2011.11.24"]
[SourceQuality "1"]

1. d4 Nf6 2. c4 g6 3. g3 d5 4. cxd5 Nxd5 5. Bg2 Bg7 6. Nf3 0-0 7. 0-0 Nc6 8. e4 Nb6 9. d5 Ne5 10. Nd4 c5 11. dxc6 bxc6 12. Nc3 Ba6 13. Re1 Nd3 14. Nxc6 Qc7 15. Re3 Qxc6 16. e5 Qd7 17. Bxa8 Rxa8 18. e6 fxe6 19. Ne4 Bh6 20. f4 e5 21. Nf2 Rd8 22. Ng4 Bg7 23. a4 Nc4 24. Re4 Nb4 25. Rxc4 0-1